| Tag |
First Indicator |
Second Indicator |
Subfields |
| LEADER |
00000cam a2200000 4500 |
| 001 |
in00000055106 |
| 005 |
20151008052152.0 |
| 008 |
760122s1946 nyu 00000 eng d |
| 010 |
|
|
|a 46006118
|
| 035 |
|
|
|a (OCoLC)01942708
|
| 035 |
|
|
|9 AAH2025AM
|
| 040 |
|
|
|a TLM
|c TLM
|d TXA
|d UtOrBLW
|
| 049 |
|
|
|a TXAM
|c 1 [A00815591], 2 [A11187985]
|
| 050 |
|
0 |
|a HG8075
|b .B4
|
| 100 |
1 |
|
|a Beling, Oscar.
|
| 245 |
1 |
0 |
|a Profitable insurance agency management /
|c by Oscar Beling ...
|
| 264 |
|
1 |
|a New York :
|b Prentice-Hall,
|c 1946.
|
| 300 |
|
|
|a 376 p.incl. illustrations, forms, diagram
|
| 336 |
|
|
|a text
|b txt
|2 rdacontent
|
| 337 |
|
|
|a unmediated
|b n
|2 rdamedia
|
| 338 |
|
|
|a volume
|b nc
|2 rdacarrier
|
| 650 |
|
0 |
|a Insurance.
|
| 999 |
|
|
|a MARS
|
| 999 |
f |
f |
|s 94ff7e6b-3e66-3f47-8be3-19ab98d988cb
|i 7c7984d3-ca82-34db-83c7-5bba5e7533ae
|t 0
|
| 952 |
f |
f |
|p ric
|a Texas A&M University
|b Rellis Campus
|c Joint Library Facility
|d Remote Storage
|t 0
|e HG8075 .B4
|h Library of Congress classification
|i unmediated -- volume
|m A14811187985
|
| 998 |
f |
f |
|a HG8075 .B4
|t 0
|l Remote Storage
|